00395nam a22001457a 4500003000400000008004100004020001800045082001600063100002200079245006000101260003100161300001400192650002700206700001600233OSt250430b |||||||| |||| 00| 0 eng d a9788196146740 a346.048 RAI aRao, Bayya. Subba aIntellectual Property Rights in Pharmaceutical Industry aHydrabad bPharmamedc2025 axviii,603 aPHARMACY GENERAL BOOKS aAppaji, P.V